1142 1911 1349 1711 1626 1726 1758 1555 1847 1509 1896 1887 1587 1168 1799 1999 1213 1912 1080 1312 1994 1505 1607 1672 1112 1307 1863 1646 1601 1528 1722 1341 1436 1499 1876 1222 1849 1620 1789 1910 1472 1909 1409 1785 1369 1411 1839 1026 1005 1791 1335 1749 1742 1640 1661 1431 1766 1468 1895 1185 1565 1355 1349 1677 1907 1234 1481 1427 1352 1753 1616 1146 1524 1557 1868 1684 1339 1836 1421 1041 1981 1571 1258 1686 1064 1624 1623 1062 1386 1567 1361 1687 1289 1388 1035 1039 1705 1478 1608 BCNSPRNW ULIB Ver.6.0+V

เปลี่ยนเป็นภาษาไทย

Change to English
 แสดงรายละเอียดบรรณานุกรม
  กลับหน้าหลัก

Brief Record : Get Marc (ISO 2709) : E-mail record : QR code < ปิดหน้าต่าง
LEADER : 00000nam 2200000uu 4500
001    13399127917
003     ULIB
008    211108s2563||||th 000 0 tha d
020    ^a9786165723176 (ล.8)
060 04 ^aWY152^bห321^cล.8
245 00 ^aหลักการพยาบาลผู้สูงอายุ^nเล่ม 8 :^bหลักการดูแลผู้สูงอายุในชุมชนและที่บ้าน การดูแลผู้ป่วยติดบ้านและผู้ป่วยติดเตียง /^cวิโรจน์ ไววานิชกิจ, บรรณาธิการ
250    ^aพิมพ์ครั้งที่ 1
260    ^aกรุงเทพฯ :^bโรงพิมพ์จุฬาลงกรณ์มหาวิทยาลัย,^c2563
300    ^a88 หน้า :^bภาพประกอบ ;^c21 ซม.
504    ^aมีบรรณานุกรมและดรรชนี
650  4 ^aการพยาบาลเวชศาสตร์วัยชรา
650  4 ^aผู้สูงอายุ
650  4 ^aการพยาบาลผู้สูงอายุ
700 0  ^aวิโรจน์ ไววานิชกิจ,^eบรรณาธิการ
945    ^p480^l0^i29083
945    ^p480^l0^i29084
945    ^p480^l0^i29085
999    ^aกัณชพร จุลอักษร
รายการนี้ยังไม่มีแท็ก
คุณยังไม่ได้ล็อกอิน คุณสามารถมีกิจกรรมร่วมกับเว็บไซต์ได้ แต่ต้องล็อกอินก่อน ::
  ล็อกอิน

รายการสื่อสารสนเทศ

ลำดับที่ ประเภท เลขเรียก/บาร์โค้ด สถานที่ สถานะ
1. หนังสือสำรอง
หนังสือสำรอง
WY152 ห321 ล.8 ฉ.1 
  Barcode: 29083
ห้องสมุดวิทยาเขตนครสวรรค์
►หนังสือทั่วไป:l:General Books
บนชั้น
2. วิทยาศาสตร์การแพทย์ และสุขภาพ
วิทยาศาสตร์การแพทย์ และสุขภาพ
WY152 ห321 ล.8 ฉ.2 
  Barcode: 29084
ห้องสมุดวิทยาเขตนครสวรรค์
►หนังสือทั่วไป:l:General Books
บนชั้น
3. วิทยาศาสตร์การแพทย์ และสุขภาพ
วิทยาศาสตร์การแพทย์ และสุขภาพ
WY152 ห321 ล.8 ฉ.3 
  Barcode: 29085
ห้องสมุดวิทยาเขตนครสวรรค์
►หนังสือทั่วไป:l:General Books
บนชั้น

รายการใกล้เคียง
    หัวเรื่อง [การพยาบาลเวชศาสตร์วัยชรา]
    หัวเรื่อง [ผู้สูงอายุ]
    หัวเรื่อง [การพยาบาลผู้สูงอายุ]

BibComment


ยังไม่เคยถูกคอมเมนท์

คอมเมนท์ทรัพยากรรายการนี้
  คอมเมนท์: หลักการพยาบาลผู้..


 Copyright 2026. Bcnsprnw @Library